000 005390000a22001810004500
003 MACL
005 20160227165439.0
008 160227b xxu||||| |||| 00| 0 eng d
040 _aMACL
_cMACL
041 _aHindi
082 _a646
100 _aभाटिया हर्षनन्दिनी
_941085
245 _aनारी श्रृंगार
260 _bप्रभात प्रकाशन
_c1983
_aनई दिल्‍ली
350 _a50
650 _aPersonal Living
_941086
942 _cHIN
_k646
_2ddc
999 _c27979
_d27979